[Event "Titled Tue 7th Nov Early"]
[Site "chess.com INT"]
[Date "2023.11.07"]
[Round "3"]
[White "Duda, J."]
[Black "Samunenkov, Ihor"]
[Result "1-0"]
[WhiteElo "2731"]
[BlackElo "2531"]
[PlyCount "87"]
[EventDate "2023.11.07"]

1. Nf3 d5 2. g3 c5 3. Bg2 Nc6 4. d4 Nf6 5. O-O e6 6. a3 a6 7. dxc5 ({RR} 7. b3 Be7 8. Bb2 O-O 9. e3 Ne4 10. dxc5 Bf6 11. Nd4 Nxc5 12. Nd2 Bd7 13. Qe2 Rc8 14. Rfd1 Qe7 15. Rab1 b5 16. h4 h6 17. Ba1 Nb7 18. c4 dxc4 19. bxc4 Nd6 20. c5 Ne8 21. Ne4 e5 {Davtyan,A (2394)-Kudaibergen,N (2159) Florianopolis BRA 2024 1-0 (40)}) 7... Bxc5 8. b4 Ba7 9. Bb2 b5 $146 ({RR} 9... O-O 10. c4 Re8 11. Qc2 dxc4 12. Qxc4 e5 13. Ng5 Qe7 14. Nc3 Bf5 15. e4 Bg6 16. Nf3 Rac8 17. Nh4 Nd4 18. Nxg6 hxg6 19. Qd3 Rcd8 20. Qc4 Rc8 21. Qa2 Qd7 22. Rad1 Qg4 23. Kh1 Ne2 24. Nxe2 {Kornilov,P (2152)-Ponomariov,T (2344) Voronezh 2007 0-1 (40)}) 10. e4 O-O 11. exd5 exd5 12. Nbd2 Ne4 13. Nb3 Bg4 14. Qc1 Qd7 15. Nfd4 Nxd4 16. Bxd4 Be2 17. Re1 Bc4 18. Bxa7 Qxa7 19. Bxe4 dxe4 20. Rxe4 Bd5 21. Re5 Rad8 22. Qf4 Qa8 23. Nd4 Qc8 24. Nf5 Qc3 25. Rae1 f6 26. Ne7+ Kh8 27. Nxd5 Rxd5 28. Rxd5 Qxe1+ 29. Kg2 h6 30. c4 bxc4 31. Qxc4 Re8 32. Rd4 Qe6 33. Qxe6 Rxe6 34. Kf3 Kh7 35. h4 h5 36. a4 Kg6 37. b5 axb5 38. axb5 Rb6 39. Rd5 Rb7 40. Ke4 Rb8 41. Kd4 f5 42. Rd6+ Kf7 43. b6 g6 44. Kc5 1-0

[Event "Titled Tue 7th Nov Early"]
[Site "chess.com INT"]
[Date "2023.11.07"]
[Round "8"]
[White "Melkumyan, H."]
[Black "Nihal, Sarin"]
[Result "1-0"]
[WhiteElo "2650"]
[BlackElo "2692"]
[PlyCount "49"]
[EventDate "2023.11.07"]

1. Nf3 {Hecht,Hans Joachim} a6 2. d4 d5 3. Nbd2 ({RR} 3. Bg5 Bg4 4. e3 Nf6 5. c4 ({RR} 5. Bxf6 exf6 6. c4 dxc4 7. Bxc4 Nc6 8. O-O Bd6 9. Nbd2 O-O 10. a3 Qd7 11. Qc2 f5 12. Bd3 Ne7 13. b4 Rad8 14. Rfc1 g6 15. Ne1 c6 16. Bf1 Bb8 17. g3 g5 18. Nd3 Nd5 19. Nc5 Qc8) 5... dxc4 ({RR} 5... Bxf3 6. Qxf3 Ne4 7. Bh4 c6 8. Bd3 Qa5+ 9. Kf1 Nf6 10. Bxf6 gxf6 11. Nc3 Qb4 12. Qe2 e6 13. g3 Nd7 14. Kg2 f5 15. Rac1) 6. Bxc4 e6 7. Nc3 Be7 8. h3 Bh5 9. Bxf6 Bxf6 10. g4 Bg6 11. h4 h6 12. Bd3 Bxd3 13. Qxd3 Nd7 14. O-O-O Qe7 15. g5 hxg5 16. hxg5 Rxh1 17. Rxh1 Bxg5 {Kramnik,V (2740)-Short,N (2690) Novgorod 1997 CBM 060 [Hecht,Hans Joachim] 1-0 (58)}) 3... Bf5 4. c4 e6 5. g3 $146 ({RR} 5. e3 Nf6 6. Be2 h6 7. O-O c5 8. a3 Nc6 9. cxd5 exd5 10. dxc5 Bxc5 11. b4 Ba7 12. Nb3 O-O 13. Bb2 Rc8 14. Rc1 Ne4 15. Nbd4 Nxd4 16. Nxd4 Bd7 17. Rxc8 Qxc8 18. Qc1 Qd8 19. f3 Nf6 {Liska,J (2251)-Hollan,P (2289) Kouty nad Desnou 2019 0-1 (41)}) 5... Nc6 6. a3 Nf6 7. Bg2 h5 8. h3 Bd6 9. O-O h4 10. Nxh4 Bxh3 11. Bxh3 g5 12. e4 gxh4 13. e5 hxg3 14. Bg2 Nh5 15. exd6 Nxd4 16. Nf3 Nf5 17. dxc7 Qxc7 18. cxd5 Nf4 19. Qa4+ b5 20. Qxf4 gxf2+ 21. Rxf2 Qc5 22. dxe6 O-O-O 23. Bd2 Nd4 24. Nxd4 Rxd4 25. Rc1 1-0

[Event "24th European Teams"]
[Site "Budva MNE"]
[Date "2023.11.20"]
[Round "9.6"]
[White "Balog, I1."]
[Black "Maurizzi, Marc'Andria"]
[Result "1-0"]
[WhiteElo "2617"]
[BlackElo "2572"]
[PlyCount "81"]
[EventDate "2023.11.11"]
[WhiteTeam "Hungary"]
[BlackTeam "France"]
[WhiteTeamCountry "HUN"]
[BlackTeamCountry "FRA"]

1. Nf3 Nf6 2. g3 g6 3. b3 Bg7 4. Bb2 b6 5. Bg2 Bb7 6. d4 c5 7. e3 O-O 8. O-O d5 ({RR} 8... cxd4 9. exd4 d5 10. Nbd2 Nc6 11. Re1 e6 12. a4 Re8 13. Ne5 Rc8 14. Ndf3 a5 15. Nxc6 Rxc6 16. Bf1 Rc8 17. Bc1 Ne4 18. Bf4 g5 19. Be3 f5 20. Ne5 Rf8 21. f3 f4 22. Bc1 Qc7 23. Ba3 {Gukesh,D (2764)-Praggnanandhaa,R (2747) Warsaw POL 2024 1-0 (41)}) 9. Nbd2 ({RR} 9. Qe2 Nbd7 10. Nbd2 e6 11. c4 Qe7 12. Rfd1 Rfd8 13. Rac1 a5 14. dxc5 Nxc5 15. Bd4 Nfe4 16. Bxg7 Kxg7 17. Nxe4 dxe4 18. Ne1 f5 19. Rxd8 Rxd8 20. Rd1 e5 21. h4 h5 22. Bf1 Kf6 23. Qc2 Rxd1 {Caruana,F (2820)-Vachier Lagrave,M (2760) Paris 2021 ½-½ (56)}) 9... Nbd7 10. c4 e6 11. Ne5 $146 ({RR} 11. Rc1 Rc8 12. a3 a5 13. Qe2 Rc7 14. Rfd1 Qa8 15. a4 h6 16. Ne1 Ne4 17. Nxe4 dxe4 18. Nc2 Nf6 19. Na3 Rd8 20. Nb5 Rcd7 21. dxc5 bxc5 22. Rxd7 Rxd7 23. Rd1 Rd3 24. Bf1 Qa6 25. Bxf6 Bxf6 {Vaja,A-Ortiz,N (2281) Stillwater 2007 ½-½}) 11... Qe7 12. Nxd7 Nxd7 13. Ba3 Rac8 14. Rc1 Rfd8 15. Re1 Rc7 16. cxd5 Bxd5 17. e4 Bb7 18. e5 Bxg2 19. Kxg2 Nb8 20. dxc5 b5 21. Qe2 Nc6 22. Nf3 b4 23. Bb2 Rd5 24. Red1 Rcd7 25. Rxd5 Rxd5 26. Qe4 Bh6 27. Rc4 Rxc5 28. Nd4 Rxc4 29. bxc4 Nxd4 30. Bxd4 Bf8 31. c5 Kg7 32. c6 Qc7 33. Qc2 a5 34. f3 a4 35. Qxa4 Qd8 36. Qc2 Qxd4 37. c7 Bc5 38. c8=Q Qg1+ 39. Kh3 Qf1+ 40. Qg2 Qc1 41. Qd8 1-0

[Event "24th European Teams"]
[Site "Budva MNE"]
[Date "2023.11.20"]
[Round "9.9"]
[White "Jobava, Ba"]
[Black "Warmerdam, Max"]
[Result "1-0"]
[WhiteElo "2568"]
[BlackElo "2638"]
[PlyCount "75"]
[EventDate "2023.11.11"]
[WhiteTeam "Georgia"]
[BlackTeam "Netherlands"]
[WhiteTeamCountry "GEO"]
[BlackTeamCountry "NED"]

1. Nf3 Nf6 2. g3 g6 3. b3 Bg7 4. Bb2 d6 5. Bg2 e5 6. d3 O-O 7. O-O a5 8. c4 ({RR} 8. a3 c6 9. Nbd2 b5 10. c4 Bb7 11. Qc2 Nbd7 12. b4 bxc4 13. Nxc4 Qc7 14. Nxa5 Rxa5 15. bxa5 Qxa5 16. Nd2 h5 17. Rfc1 h4 18. Nc4 Qc7 19. Qd2 Ra8 20. a4 Bf8 21. d4 e4 22. Qg5 hxg3 {Assylov,M (2294)-Demchenko,A (2619) chess.com INT 2025 0-1 (47)}) 8... Re8 9. Nc3 c6 10. e4 Na6 $146 ({RR} 10... Nbd7 11. Ne1 Nf8 12. Nc2 g5 13. Qd2 h6 14. d4 Ng6 15. Rad1 Bg4 16. f3 Bd7 17. dxe5 dxe5 18. c5 Bf8 19. Na4 b5 20. cxb6 c5 21. Qe2 Qb8 22. Nc3 Qxb6 23. Ne3 c4 24. Kh1 cxb3 25. Ned5 {Juhasz,A (1856)-Simonics,P (1962) Hungary 2019 ½-½ (31)}) 11. h3 Bd7 12. d4 b5 13. cxb5 cxb5 14. Re1 Rc8 15. Bf1 Nc7 16. dxe5 dxe5 17. a4 b4 18. Nb1 Be6 19. Nbd2 Nd7 20. Nc4 Nc5 21. Qc2 Na8 22. Rad1 Qe7 23. Rd5 Bxd5 24. exd5 Nd7 25. Qd1 Rc5 26. Ncxe5 Nxe5 27. Bxe5 Bxe5 28. Rxe5 Qd8 29. Rxe8+ Qxe8 30. Qd4 Rc1 31. Ne5 Nb6 32. Nd3 Rb1 33. Qxb6 Qe2 34. Qb8+ Kg7 35. Qe5+ Qxe5 36. Nxe5 Rxb3 37. d6 Kf8 38. Nxf7 1-0

[Event "Women's Speed Chess 2023"]
[Site "chess.com INT"]
[Date "2023.11.16"]
[Round "2.22"]
[White "Kosteniuk, A."]
[Black "Hou Yifan"]
[Result "1-0"]
[WhiteElo "2526"]
[BlackElo "2632"]
[PlyCount "89"]
[EventDate "2023.11.13"]
[EventType "k.o."]

1. Nf3 d5 2. g3 Nf6 3. Bg2 e6 4. O-O Be7 5. d3 O-O 6. Nbd2 c5 7. b3 Nc6 8. Bb2 b6 9. e4 Bb7 10. Re1 Qc7 11. e5 Nd7 12. Qe2 d4 13. h4 a5 $146 ({RR} 13... Rae8 14. c3 dxc3 15. Bxc3 f6 16. exf6 Bxf6 17. Bxf6 Nxf6 18. Rac1 e5 19. Nc4 Nd4 20. Nxd4 exd4 21. Qd2 Bxg2 22. Kxg2 b5 23. Na5 Nd5 24. b4 Nc3 25. Rxe8 Rxe8 26. Re1 Rf8 27. Qg5 Qf7 28. f4 {Erenberg,A (2496)-Belov,A (2421) chess.com INT 2023 ½-½ (40)}) 14. a4 Nb4 15. Nc4 Nd5 16. h5 h6 17. Qd2 Bc6 18. g4 f6 19. exf6 N7xf6 20. Rxe6 Bd7 21. Rxe7 Nxe7 22. g5 hxg5 23. Qxg5 Nh7 24. Qxe7 Rae8 25. Qd6 Qxd6 26. Nxd6 Re2 27. Nh4 Ng5 28. Rf1 Rxc2 29. Bc1 Nh3+ 30. Kh2 Rfxf2 31. Rxf2 Nxf2 32. Bd5+ Kh7 33. Bf4 Ne4+ 34. Kg1 Nc3 35. Be4+ Nxe4 36. Nxe4 Bc6 37. Ng3 Bd5 38. Ngf5 Bxb3 39. Ng6 Bxa4 40. Nfe7 Bb5 41. Nf8+ Kh8 42. Be5 Bxd3 43. h6 Rc1+ 44. Kh2 Rc2+ 45. Kg3 1-0

[Event "14th Hainan Danzhou GM"]
[Site "Danzhou CHN"]
[Date "2023.11.16"]
[Round "1.2"]
[White "Bai, Jinshi"]
[Black "Jumabayev, R."]
[Result "1-0"]
[WhiteElo "2585"]
[BlackElo "2588"]
[PlyCount "101"]
[EventDate "2023.11.16"]

1. Nf3 Nf6 2. g3 c5 3. c4 d5 4. d4 dxc4 5. Qa4+ Bd7 6. Qxc4 cxd4 7. Bg2 Bc6 8. O-O Nbd7 9. Rd1 e6 10. Nxd4 Bxg2 11. Kxg2 Rc8 12. Qa4 Qb6 $146 ({RR} 12... Bc5 13. Nc3 O-O 14. Nb3 Bb6 15. Bf4 a6 16. e4 Bc7 17. e5 Nd5 18. Nxd5 exd5 19. Rxd5 Nb6 20. Rxd8 Nxa4 21. Rxc8 Rxc8 22. Rc1 Nxb2 23. e6 Nd3 24. exf7+ Kf8 25. Bd6+ Bxd6 26. Rxc8+ Kxf7 27. Na5 {Shchekachev,A (2592)-Michiels,B (2302) La Fere 2003 1-0 (37)}) 13. Nc3 Be7 14. Be3 Qa6 15. Qxa6 bxa6 16. Rac1 Nb6 17. Bg5 O-O 18. Ne4 Nfd5 19. Bxe7 Nxe7 20. Nc5 Rfd8 21. Ndb3 Rxd1 22. Rxd1 Nc4 23. Nd3 a5 24. Nbc5 h6 25. Rc1 Nb6 26. b3 Nf5 27. e3 Nd6 28. Kf3 Kf8 29. e4 Ke7 30. Ke3 Rc7 31. a4 Ndc8 32. h4 h5 33. f3 g6 34. g4 Nd6 35. gxh5 gxh5 36. Rg1 Nb7 37. Rg5 Nxc5 38. Nxc5 Nc8 39. Rxh5 Nd6 40. Nd3 Rc3 41. Rxa5 Rxb3 42. Rxa7+ Kf8 43. Kd4 Ra3 44. Ra6 Ne8 45. Ra8 Ke7 46. h5 Nc7 47. h6 Nxa8 48. h7 Rxa4+ 49. Ke3 Nb6 50. h8=Q Nc4+ 51. Kf4 1-0

[Event "14th Hainan Danzhou GM"]
[Site "Danzhou CHN"]
[Date "2023.11.17"]
[Round "4.2"]
[White "Jumabayev, R."]
[Black "Cheparinov, I."]
[Result "1-0"]
[WhiteElo "2588"]
[BlackElo "2649"]
[PlyCount "69"]
[EventDate "2023.11.16"]

1. Nf3 d5 2. g3 Nf6 3. Bg2 c5 4. O-O e6 5. c4 d4 6. e3 Nc6 7. exd4 cxd4 8. d3 Bd6 9. Re1 O-O 10. Na3 Re8 11. Nc2 e5 12. b4 a6 13. Rb1 ({RR} 13. Bg5 Bf5 14. Nh4 Bd7 15. Rb1 h6 16. Bxf6 Qxf6 17. a4 a5 18. b5 Nd8 19. Qf3 Qxf3 20. Nxf3 Rc8 21. Nd2 b6 22. f4 exf4 23. Rxe8+ Bxe8 24. Ne4 Be5 25. Bh3 Rb8 26. gxf4 Bxf4 27. Rf1 Be5 {Stockfish dev-20240728-2343f7 (3662)-LCZero 0.31-dag-5350a2e-BT4-6 (3631) tcec-chess.com INT 2024 ½-½ (56)}) ({RR} 13. Bg5 Bf5 14. Nh4 Bd7 15. Rb1 h6 16. Bxf6 Qxf6 17. a4 g5 18. Nf3 Bf5 19. b5 axb5 20. Rxb5 Qg6 21. Bf1 Rad8 22. Rxb7 Na5 23. Rb2 e4 24. Nfxd4 Be5 25. Rb5 Bxd4 26. Nxd4 Rxd4 27. Rxa5 Red8 {Sun,R (2295)-Bilych,O (2452) Princeton, NJ USA 2025 1-0 (52)}) 13... h6 14. a4 Bc7 $146 ({RR} 14... Bg4 15. h3 Bh5 16. g4 Bg6 17. Nh4 Ne4 18. Bxe4 Qxh4 19. Qf3 Rad8 20. b5 axb5 21. axb5 Na5 22. Bd2 b6 23. Nb4 Bxb4 24. Bxb4 Bxe4 25. Rxe4 Nb7 26. Rbe1 Qg5 27. Qg3 f6 28. f4 Qg6 29. fxe5 {Tomilova,E (2298)-Kovanova,B (2373) Sochi 2017 1-0 (38)}) 15. b5 Na5 16. c5 axb5 17. axb5 Nd5 18. Bd2 Nc3 19. Bxc3 dxc3 20. Re3 Qd5 21. d4 e4 22. Nfe1 f5 23. Rxc3 f4 24. b6 Bb8 25. Ra1 Qf5 26. Rca3 Rf8 27. Rxa5 Rxa5 28. Rxa5 fxg3 29. fxg3 Qf2+ 30. Kh1 Bxg3 31. hxg3 Qxg3 32. Qe2 Bg4 33. Qe3 Bf3 34. Kg1 Qg4 35. c6 1-0

[Event "Che Praggnanandhaa-Sarin"]
[Site "Thiruvananthapuram IND"]
[Date "2023.11.20"]
[Round "4"]
[White "Praggnanandhaa, R."]
[Black "Nihal, Sarin"]
[Result "1-0"]
[WhiteElo "2741"]
[BlackElo "2692"]
[PlyCount "167"]
[EventDate "2023.11.20"]

1. Nf3 d5 2. g3 Nd7 3. d4 Nb6 4. Nbd2 Bf5 5. Nh4 Bg4 6. h3 Bh5 7. Ng2 e6 8. Nf4 Bg6 9. Bg2 Nf6 10. Nxg6 hxg6 11. e4 dxe4 12. Nxe4 Nxe4 13. Bxe4 c6 14. c3 Bd6 15. Qe2 Qc7 16. Bd2 Nd5 $146 ({RR} 16... O-O-O 17. a4 Nd7 18. a5 a6 19. Bg2 e5 20. O-O Rde8 21. d5 cxd5 22. c4 e4 23. cxd5 Kb8 24. Rac1 Qd8 25. b4 f5 26. b5 Nc5 27. bxa6 Nxa6 28. Rb1 Ka8 29. Rxb7 Kxb7 30. Qb5+ Ka7 31. Be3+ {Gumularz,S (2590)-Royal,S (2457) Peterborough ENG 2024 1-0 (39)}) 17. h4 O-O-O 18. O-O-O Nf6 19. Bf3 Kb8 20. Kb1 Ka8 21. Bg5 Rhe8 22. Qc2 Be7 23. Rhe1 Nd5 24. Bc1 Nf6 25. Re2 Rd7 26. Bf4 Qb6 27. Qb3 Qa6 28. Ree1 Red8 29. Qc2 Nd5 30. Bc1 Nb6 31. h5 gxh5 32. Bxh5 g6 33. Be2 Qa5 34. Rh1 Bf6 35. Rd3 Rh8 36. Rxh8+ Bxh8 37. Rd1 Qd5 38. c4 Qf5 39. Qxf5 gxf5 40. Be3 Kb8 41. Kc2 Bf6 42. b3 Nc8 43. Bf3 Ne7 44. Bh5 Nc8 45. Bf4+ Ka8 46. Be5 Bd8 47. Bf3 Ne7 48. Bh5 Nc8 49. Kc3 a5 50. Rh1 Ka7 51. Bf3 f6 52. Bf4 Bb6 53. c5 Bc7 54. Bxc7 Rxc7 55. Rh6 Rf7 56. Bh5 Rf8 57. Rh7 Kb8 58. Bf7 e5 59. Be6 exd4+ 60. Kxd4 Rd8+ 61. Kc3 Re8 62. Bxf5 Na7 63. Bd3 Re5 64. Bc4 Rxc5 65. Kd2 Rg5 66. Rf7 Rg6 67. Bd3 Rh6 68. Ke3 Nc8 69. Kf4 Nd6 70. Rd7 Nc8 71. Kf5 Nb6 72. Rf7 Nd5 73. Bc4 Rh2 74. f4 Ne3+ 75. Kxf6 Rxa2 76. Be6 Rg2 77. Rg7 b5 78. f5 a4 79. bxa4 bxa4 80. Ke5 Nd5 81. Bxd5 cxd5 82. f6 Re2+ 83. Kd6 Rf2 84. f7 1-0

[Event "Maxim Shusharin Mem Rapid"]
[Site "Chelyabinsk RUS"]
[Date "2023.11.16"]
[Round "10.4"]
[White "Ovetchkin, R."]
[Black "Zakhartsov, Vl"]
[Result "1-0"]
[WhiteElo "2518"]
[BlackElo "2525"]
[PlyCount "89"]
[EventDate "2023.11.15"]
[EventType "rapid"]

1. Nf3 c5 2. c4 Nc6 3. Nc3 g6 4. e3 Bg7 5. d4 cxd4 6. exd4 Nf6 7. d5 Nb8 8. Be2 O-O 9. O-O d6 10. Nd4 Nbd7 11. Be3 Nc5 12. Bf3 a5 13. b3 Bd7 14. h3 Rc8 15. Rb1 $146 ({RR} 15. a3 Qc7 16. Rc1 Qb8 17. b4 Na6 18. Qb3 axb4 19. axb4 Ne8 20. Na4 b5 21. Nxb5 Bxb5 22. Nb6 Bxc4 23. Rxc4 Rxc4 24. Qxc4 Qb7 25. Rb1 Nf6 26. Qc6 Rb8 27. b5 Nc7 28. Nd7 Qxc6 29. Nxf6+ Bxf6 {Hillarp Persson,T (2511)-Lagerman,R (2361) Vammala 2005 1-0 (58)}) 15... Ne8 16. Qd2 Nc7 17. Bh6 Rb8 18. Bxg7 Kxg7 19. a3 b5 20. b4 axb4 21. axb4 N5a6 22. Nc6 Bxc6 23. dxc6 e5 24. Be2 Ne6 25. Nxb5 Qf6 26. Bf3 Rfd8 27. Ra1 Rb6 28. Ra4 d5 29. Bxd5 Nf4 30. Qe3 Rxb5 31. cxb5 Rxd5 32. bxa6 Qg5 33. Qf3 h5 34. Re1 f5 35. c7 Rd3 36. Qxf4 exf4 37. c8=Q f3 38. Qc7+ Kh6 39. Qg3 Qd2 40. Raa1 f4 41. Qxf3 Rxf3 42. gxf3 Qd8 43. a7 Qg5+ 44. Kh2 Qh4 45. Re2 1-0

[Event "Titled Tue 14th Nov Early"]
[Site "chess.com INT"]
[Date "2023.11.14"]
[Round "5"]
[White "Daneshvar, Bardiya"]
[Black "Nihal, Sarin"]
[Result "1-0"]
[WhiteElo "2591"]
[BlackElo "2692"]
[PlyCount "131"]
[EventDate "2023.11.14"]

1. Nf3 d5 2. e3 Nf6 3. c4 c6 4. Nc3 e6 5. b3 Bd6 6. Bb2 O-O 7. Be2 e5 8. cxd5 cxd5 9. Nb5 Nc6 10. Nxd6 Qxd6 11. d4 e4 12. Ne5 Be6 ({RR} 12... Nd7 13. Nxc6 bxc6 14. O-O Re8 15. Rc1 a5 16. Rc3 Re6 17. f4 exf3 18. Bxf3 Nf6 19. Qc1 a4 20. Ba3 Qd7 21. Rf2 axb3 22. Rxb3 Ba6 23. Rfb2 Ree8 24. Bc5 Bc4 25. Ra3 Rxa3 26. Bxa3 h5 27. Bb4 {Nepomniachtchi,I (2784)-Giri,A (2764) chess24.com INT 2020 ½-½ (65)}) ({RR} 12... Nd7 13. Nxc6 bxc6 14. Qd2 Re8 15. a4 Re6 16. Ba3 Qb8 17. O-O Rh6 18. h3 Nf6 19. Qb4 Qxb4 20. Bxb4 Nd7 21. Ba5 f5 22. Rfc1 Kf7 23. b4 a6 24. Bd8 Re6 25. b5 axb5 26. axb5 Rxa1 27. Rxa1 {Keymer,V (2719)-Quesada Perez,Y (2591) chess.com INT 2025 1-0 (39)}) 13. Nxc6 Qxc6 14. Rc1 Qd7 15. h3 $146 ({RR} 15. O-O Ne8 16. Ba3 Nd6 17. Qd2 Rfc8 18. Qb4 Nf5 19. Bb5 Qd8 20. Rxc8 Rxc8 21. Rc1 Rxc1+ 22. Bxc1 Qg5 23. Bf1 Nh4 24. Kh1 Qf5 25. Qd2 h5 26. Ba3 Qg4 27. Bd6 Nf5 28. Bb8 a6 29. h3 Qg5 {Ambartsumova,K (2341)-Charochkina,D (2355) Sochi 2019 ½-½ (50)}) 15... Rfc8 16. Qd2 Rxc1+ 17. Bxc1 Rc8 18. Ba3 Qc7 19. O-O Qc2 20. Rd1 Nd7 21. Bb4 Qxd2 22. Rxd2 f5 23. f4 exf3 24. Bxf3 Nf6 25. Kf2 Bf7 26. Be7 Ne4+ 27. Bxe4 fxe4 28. a4 Rc3 29. Rb2 b6 30. Bb4 Rc6 31. a5 Be6 32. axb6 axb6 33. Be7 Kf7 34. Bd8 b5 35. Ba5 g5 36. Bb4 Rc1 37. Kg3 h5 38. h4 gxh4+ 39. Kxh4 Kg6 40. Bd6 Rh1+ 41. Kg3 h4+ 42. Kf2 Rd1 43. Rc2 Rd3 44. b4 Rb3 45. Rc6 Rb2+ 46. Kg1 Kh5 47. Bf4 Bf5 48. Rf6 Kg4 49. Bd6 Rb1+ 50. Kh2 Rb2 51. Kg1 Re2 52. Bf4 Rc2 53. Rf8 Bc8 54. Rg8+ Kf5 55. Rg5+ Ke6 56. Re5+ Kf6 57. Rxd5 h3 58. gxh3 Bxh3 59. Rxb5 Rg2+ 60. Kh1 Rb2 61. Rh5 Bg2+ 62. Kg1 Bf3 63. Rc5 Rxb4 64. Kf2 Rb2+ 65. Kg3 Rc2 66. Rxc2 1-0

[Event "Titled Tue 14th Nov Early"]
[Site "chess.com INT"]
[Date "2023.11.14"]
[Round "6"]
[White "Mitrabha, G."]
[Black "Budisavljevic, Luka"]
[Result "1-0"]
[WhiteElo "2516"]
[BlackElo "2515"]
[PlyCount "55"]
[EventDate "2023.11.14"]

1. Nf3 c5 2. b3 d5 3. Bb2 Nc6 4. e3 a6 5. d4 Nf6 6. dxc5 e6 7. a3 Bxc5 8. b4 ({RR} 8. c4 O-O 9. Nbd2 Qe7 10. b4 Ba7 11. Bd3 Rd8 12. Qb1 h6 13. O-O e5 14. cxd5 Rxd5 15. Ne4 Bg4 16. Bc4 Rd7 17. Ng3 Rad8 18. Nh4 Rd1 19. Qg6 Kf8 20. Raxd1 Bxd1 21. Ngf5 fxg6 22. Nxg6+ Ke8 {Kourkoulos Arditis,S (2580)-Diao,M (2192) chess.com INT 2025 1-0}) 8... Ba7 9. c4 ({RR} 9. Nbd2 O-O 10. c4 dxc4 11. Nxc4 b5 12. Nd6 Bd7 13. Bd3 Qe7 14. O-O Nd5 15. Ne4 Rfd8 16. Rc1 Be8 17. Qe2 h6 18. Rfd1 Rac8 19. h3 Bb6 20. Ng3 Nf6 21. Bb1 Rxd1+ 22. Rxd1 Rd8 23. Rc1 Kf8 {Carlsen,M (2852)-Vidit,S (2730) chess.com INT 2023 0-1 (58)}) 9... dxc4 $146 ({RR} 9... O-O 10. Nc3 d4 11. exd4 Nxd4 12. c5 e5 13. Be2 Re8 14. O-O Bf5 15. Nxd4 exd4 16. Na4 Qd7 17. Bf3 Rad8 18. Rc1 Qb5 19. c6 Bd3 20. c7 Bxf1 21. cxd8=Q Rxd8 22. Nc5 Bc4 23. Nxb7 Rd7 24. Qc2 {Dzubasz,T (2085)-Schacht,H (2292) Budapest 2006 1-0}) 10. Qxd8+ Kxd8 11. Bxc4 b5 12. Be2 Bb7 13. Nbd2 Ke7 14. Nb3 Rhg8 15. Rc1 g5 16. Nc5 Bxc5 17. Rxc5 g4 18. Nd2 Nd7 19. Rc1 Nce5 20. f3 gxf3 21. gxf3 Rac8 22. Kf2 Ng6 23. Nb3 Nh4 24. Rxc8 Rg2+ 25. Kf1 Bxc8 26. e4 Nb6 27. Bd4 Nc4 28. Bf2 1-0

[Event "Titled Tue 14th Nov Early"]
[Site "chess.com INT"]
[Date "2023.11.14"]
[Round "8"]
[White "Nakamura, Hi"]
[Black "Daneshvar, Bardiya"]
[Result "1-0"]
[WhiteElo "2778"]
[BlackElo "2591"]
[PlyCount "95"]
[EventDate "2023.11.14"]

1. Nf3 Nf6 2. b3 b6 3. g3 Bb7 4. Bg2 g6 5. Bb2 Bg7 6. O-O O-O 7. e3 c5 8. c4 d5 9. Qe2 Nc6 10. d3 e6 ({RR} 10... d4 11. e4 e5 12. a3 a5 13. Nbd2 Ne8 14. h4 Nd6 15. Ng5 h6 16. Nh3 Qe7 17. f4 f5 18. h5 g5 19. fxg5 hxg5 20. exf5 Nxf5 21. Bd5+ Kh8 22. Ne4 Ne3 23. Nhxg5 Nxf1 24. Rxf1 Rxf1+ 25. Qxf1 {Kobalia,M (2543)-Erten,K (2345) chess.com INT 2024 1-0 (47)}) 11. Rd1 Qe7 12. Nc3 Rfd8 13. cxd5 $146 ({RR} 13. Rac1 Rac8 14. Nb5 e5 15. cxd5 Nxd5 16. Nc3 Nxc3 17. Bxc3 Ba6 18. Ne1 Rd6 19. Qb2 Rcd8 20. a3 Bb5 21. b4 c4 22. Bxc6 Bxc6 23. b5 Ba8 24. Bb4 Qb7 25. e4 Rd4 26. Bc3 R4d7 27. Bxe5 Bxe5 {Gomes,M (2354)-Garcia Martin,M (2308) Sitges 2021 ½-½ (55)}) 13... Nxd5 14. Nxd5 Rxd5 15. Bxg7 Kxg7 16. Rd2 Rad8 17. Rad1 R5d6 18. h4 Nb4 19. Ne5 Bxg2 20. Kxg2 Rd5 21. Nf3 Qf6 22. d4 cxd4 23. Nxd4 e5 24. Nf3 Rxd2 25. Rxd2 Nc6 26. Rxd8 Qxd8 27. Qc4 Qd7 28. h5 f6 29. b4 Ne7 30. a3 g5 31. e4 h6 32. Ne1 Qc6 33. Qd3 f5 34. f3 fxe4 35. fxe4 Nc8 36. Nf3 Nd6 37. Nd2 Ne8 38. Qc4 Qd7 39. Nf3 Nf6 40. Nxe5 Qd2+ 41. Kh3 g4+ 42. Nxg4 Nxg4 43. Kxg4 Qg5+ 44. Kf3 Qxh5+ 45. Kg2 Qd1 46. Qc3+ Kg6 47. Qf3 Qd2+ 48. Kh3 1-0

[Event "Titled Tue 14th Nov Early"]
[Site "chess.com INT"]
[Date "2023.11.14"]
[Round "9"]
[White "Daneshvar, Bardiya"]
[Black "Zhigalko, S."]
[Result "1-0"]
[WhiteElo "2591"]
[BlackElo "2572"]
[PlyCount "79"]
[EventDate "2023.11.14"]

1. Nf3 d5 2. e3 Nf6 3. c4 e6 4. Nc3 Bd6 5. b3 O-O 6. Bb2 b6 7. cxd5 exd5 8. Rc1 a6 9. g3 Bb7 10. Bg2 Nbd7 ({RR} 10... d4 11. Ne2 dxe3 12. fxe3 c5 13. O-O Nbd7 14. Rc4 Qe7 15. Rh4 Rad8 16. Nf4 Ne5 17. Nxe5 Bxg2 18. Ng4 Bxf4 19. Nxf6+ gxf6 20. Rfxf4 Qxe3+ 21. dxe3 Rxd1+ 22. Kxg2 Rd2+ 23. Rf2 Rfd8 24. Rhf4 Rxf2+ 25. Rxf2 {Le,Q (2728)-Mamedyarov,S (2738) chess.com INT 2023 1-0}) 11. O-O Re8 12. Ne2 Nc5 $146 ({RR} 12... c5 13. d4 a5 14. Nf4 c4 15. bxc4 dxc4 16. Nd2 Bxg2 17. Kxg2 b5 18. a4 Bxf4 19. gxf4 Nb6 20. axb5 Qd5+ 21. Qf3 Qxb5 22. Ba3 Rac8 23. Bc5 Nfd7 24. Ne4 Rxe4 25. Qxe4 Nxc5 26. dxc5 Qxc5 27. Rfd1 {Turcsanyi,V (2152)-Olenik Campa,R (2294) Montesilvano ITA 2023 1-0 (35)}) ({RR} 12... a5 13. Ned4 Nc5 14. d3 Ba6 15. Nc6 Qd7 16. Nfe5 Bxe5 17. Nxe5 Qf5 18. g4 Qe6 19. Bd4 Rad8 20. g5 Nfd7 21. Nxd7 Qxd7 22. Bxc5 bxc5 23. Rxc5 Qf5 24. Qf3 Qxg5 25. Rd1 Qe7 26. Rxa5 Rd6 27. Ra4 {Smolik,J (2308)-Prelipcean,E (2169) Eforie Nord ROU 2025 1-0 (44)}) 13. d3 Bf8 14. Nf4 a5 15. Nd4 g6 16. Rc2 Bg7 17. Qd2 Ng4 18. Rfc1 Qd7 19. Ba3 Na6 20. Nc6 Bxc6 21. Rxc6 Ne5 22. R6c2 d4 23. exd4 Qxd4 24. Bb2 Qd6 25. d4 Ng4 26. Bxa8 Rxa8 27. Qe2 Qd7 28. Qf3 Re8 29. Re2 Rxe2 30. Qxe2 h5 31. Qxa6 Bxd4 32. Bxd4 Qxd4 33. Qe2 Ne5 34. Re1 f6 35. Rd1 Qc3 36. Nd5 Qc5 37. Nxf6+ Kg7 38. Nd7 Nxd7 39. Rxd7+ Kh6 40. Qe3+ 1-0

[Event "Titled Tue 14th Nov Early"]
[Site "chess.com INT"]
[Date "2023.11.14"]
[Round "9"]
[White "Nakamura, Hi"]
[Black "Sychev, K."]
[Result "1-0"]
[WhiteElo "2778"]
[BlackElo "2542"]
[PlyCount "101"]
[EventDate "2023.11.14"]

1. Nf3 Nf6 2. e3 d5 3. b3 c5 4. Bb2 e6 5. g3 Nc6 6. Bg2 Be7 7. O-O O-O 8. c4 d4 9. exd4 cxd4 10. Re1 a5 11. Na3 a4 ({RR} 11... Bc5 12. Nb5 Ra6 13. d3 Re8 14. Ne5 Na7 15. Rc1 Bb4 16. Re2 Nxb5 17. cxb5 Ra8 18. Rc4 Bc3 19. Bxc3 dxc3 20. Rxc3 Nd5 21. Rc4 f6 22. Nf3 e5 23. Qd2 Nb6 24. Rc1 a4 25. b4 Be6 26. a3 {Vachier Lagrave,M (2739)-Kravtsiv,M (2598) chess.com INT 2023 1-0 (49)}) 12. d3 $146 ({RR} 12. Nb5 d3 13. Ne5 Nb4 14. Rf1 Nc2 15. Rb1 axb3 16. axb3 Bc5 17. Qf3 Nb4 18. Bc3 Ra2 19. Ra1 Rxa1 20. Rxa1 Nc2 21. Rd1 Nd4 22. Nxd4 Bxd4 23. Qxd3 Bxc3 24. Qxc3 Qb6 25. d4 Rd8 26. c5 Qa6 {Kazakouski,V (2539)-Berend,E (2318) Katowice POL 2022 1-0 (59)}) ({RR} 12. Nb5 d3 13. Nbd4 Nb4 14. a3 Nc6 15. b4 Nd7 16. Re3 Nxd4 17. Bxd4 e5 18. Nxe5 Bf6 19. Nf3 Bxd4 20. Nxd4 Nb6 21. Rxd3 Nxc4 22. Qc2 Ne5 23. Re1 Nxd3 24. Qxd3 Ra6 25. Qc4 Rd6 26. Nb5 Rxd2 {Portela Peleteiro,A (2359)-La Villa Rivas,M (2258) chess.com INT 2025 0-1 (57)}) 12... Re8 13. Nb5 Bb4 14. Re2 Bc5 15. bxa4 e5 16. Nd2 Bg4 17. Bf3 Bxf3 18. Nxf3 e4 19. Nd2 e3 20. Nb3 Ng4 21. Nxc5 exf2+ 22. Rxf2 Nxf2 23. Kxf2 Qg5 24. Ne4 Qe3+ 25. Kg2 Ne5 26. Nf2 Rad8 27. Bc1 Nxc4 28. Bxe3 Nxe3+ 29. Kg1 Nxd1 30. Rxd1 Re2 31. a3 g6 32. Kf1 Rb2 33. Re1 Kf8 34. Re2 Rb1+ 35. Kg2 Re8 36. Rc2 Rb3 37. Ra2 Ra8 38. Nxd4 Rb1 39. Ne2 Re1 40. Nc3 Rc1 41. Nb5 Rxa4 42. Ne4 Kg7 43. Ned6 Ra5 44. Re2 Ra4 45. Re7 Rc2+ 46. Kf3 Kh6 47. Nxf7+ Kg7 48. Nfd6+ Kf6 49. Rxh7 Ra6 50. Ne4+ Kf5 51. Nd4+ 1-0